Manual of traffic engineering studies (Record no. 33603)

000 -LEADER
fixed length control field 00526nam a22001937a 4500
001 - CONTROL NUMBER
control field 33603
003 - CONTROL NUMBER IDENTIFIER
control field BD-DhUET
008 - FIXED-LENGTH DATA ELEMENTS--GENERAL INFORMATION
fixed length control field 150917b xxu||||| |||| 00| 0 eng d
040 ## - CATALOGING SOURCE
Transcribing agency DLC
Modifying agency BD-DhUET
082 ## - DEWEY DECIMAL CLASSIFICATION NUMBER
Classification number 388.312
Item number CLE/1964
100 ## - MAIN ENTRY--PERSONAL NAME
Personal name Cleveland, Donald E.
245 ## - TITLE STATEMENT
Title Manual of traffic engineering studies
250 ## - EDITION STATEMENT
Edition statement 3rd ed.
260 ## - PUBLICATION, DISTRIBUTION, ETC. (IMPRINT)
Place of publication, distribution, etc. Woshington .D. C.
Name of publisher, distributor, etc. Institute of traffic Engineers
Date of publication, distribution, etc. 1964
300 ## - PHYSICAL DESCRIPTION
Extent xii, 187 p.
Other physical details ill
504 ## - BIBLIOGRAPHY, ETC. NOTE
Bibliography, etc Includes bibliographies
650 #0 - SUBJECT ADDED ENTRY--TOPICAL TERM
Topical term or geographic name as entry element Traffic engineering
942 ## - ADDED ENTRY ELEMENTS (KOHA)
Koha item type Edited Book
Holdings
Shelving location Withdrawn status Koha normalized classification for sorting Not for loan Koha full call number Lost status Koha item type Price effective from Piece designation (barcode) Source of classification or shelving scheme Sublocation or collection (holding branch) Location (home branch) Damaged status Copy number Date acquired Koha date last seen
Reference section 388_312000000000000_CLE_1964 388.312/CLE/1964 Edited Book2015-09-1784362 Central Library, BUETCentral Library, BUET 12015-09-172015-09-17
Circulation section 388_312000000000000_CLE_1964 388.312/CLE/1964 Edited Book2017-03-1222130 Central Library, BUETCentral Library, BUET 22017-03-122017-03-25
Circulation section 388_312000000000000_CLE_1964 388.312/CLE/1964 Edited Book2017-03-1222128 Central Library, BUETCentral Library, BUET 32017-03-122017-03-12
Circulation section 388_312000000000000_CLE_1964 388.312/CLE/1964 Edited Book2017-03-1222126 Central Library, BUETCentral Library, BUET 42017-03-122017-03-12
Circulation section 388_312000000000000_CLE_1964 388.312/CLE/1964 Edited Book2017-03-1222127 Central Library, BUETCentral Library, BUET 52017-03-122017-03-12
Circulation section 388_312000000000000_CLE_1964 388.312/CLE/1964 Edited Book2017-03-1222129 Central Library, BUETCentral Library, BUET 62017-03-122017-03-12